Méthodes mathématiques en chimie quantique Une introduction

Ce cours est une introduction à la modélisation mathématique et à l'analyse numérique pour la chimie moléculaire quantique, un champ peu connu des mathématiciens et pourtant riche en sujets d'investigation. Le point de vue choisi est celui du mathématicien appliqué. Le cours est construit...

Full description

Bibliographic Details
Main Authors: Cancès, Eric (Author), Bris, Claude Le (Author), Maday, Yvon (Author)
Corporate Author: SpringerLink (Online service)
Format: Electronic eBook
Language:French
Published: Berlin, Heidelberg : Springer Berlin Heidelberg, 2006.
Series:Mathématiques & Applications, 53
Subjects:
Online Access:Full Text via HEAL-Link
LEADER 03913nam a22005895i 4500
001 978-3-540-37661-3
003 DE-He213
005 20151204152723.0
007 cr nn 008mamaa
008 100301s2006 gw | s |||| 0|fre d
020 |a 9783540376613  |9 978-3-540-37661-3 
024 7 |a 10.1007/3-540-37661-5  |2 doi 
040 |d GrThAP 
050 4 |a QA370-380 
072 7 |a PBKJ  |2 bicssc 
072 7 |a MAT007000  |2 bisacsh 
082 0 4 |a 515.353  |2 23 
100 1 |a Cancès, Eric.  |e author. 
245 1 0 |a Méthodes mathématiques en chimie quantique Une introduction  |h [electronic resource] /  |c by Eric Cancès, Claude Le Bris, Yvon Maday. 
264 1 |a Berlin, Heidelberg :  |b Springer Berlin Heidelberg,  |c 2006. 
300 |a XVI, 412 p. 34 ill.  |b online resource. 
336 |a text  |b txt  |2 rdacontent 
337 |a computer  |b c  |2 rdamedia 
338 |a online resource  |b cr  |2 rdacarrier 
347 |a text file  |b PDF  |2 rda 
490 1 |a Mathématiques & Applications,  |x 1154-483X ;  |v 53 
505 0 |a Présentation succincte des modèles -- Un problème modèle sur un domaine borné -- Le même problème sur l’espace tout entier -- Un cas difficile : fonctionnelle d’énergie non convexe sur l’espace entier -- Le modèle de Hartree-Fock -- Simulation numérique des modèles -- Choix des bases -- Convergence des algorithmes SCF -- Modèles pour les phases condensées -- Un cas périodique -- Ouvertures. 
520 |a Ce cours est une introduction à la modélisation mathématique et à l'analyse numérique pour la chimie moléculaire quantique, un champ peu connu des mathématiciens et pourtant riche en sujets d'investigation. Le point de vue choisi est celui du mathématicien appliqué. Le cours est construit de manière auto-consistante. Seules des notions de base en analyse fonctionnelle sont requises pour l'aborder. Les outils mathématiques plus élaborés sont introduits progressivement et les connaissances nécessaires en physique et en théorie spectrale sont regroupées dans des annexes. On présente d'abord les modèles les plus utilisés en pratique. Puis, on analyse ces modèles d'un point de vue mathématique (questions d'existence de solutions, d'unicité, ...). On introduit ensuite les différentes stratégies numériques employées pour la résolution pratique, et on fournit, quand ceci est possible, des éléments d'analyse numérique de ces méthodes. Les liens existants entre les modèles de la chimie moléculaire et des sujets connexes sont aussi explorés : modélisation de la phase liquide, physique de l'état cristallin, biologie, simulation des matériaux, ... Le cours peut aussi intéresser le chimiste ou le physicien curieux de comprendre les techniques mathématiques dont relèvent les modèles qu'il utilise, et de découvrir comment de telles techniques peuvent améliorer significativement l'efficacité et la qualité des simulations numériques. 
650 0 |a Mathematics. 
650 0 |a Partial differential equations. 
650 0 |a Numerical analysis. 
650 0 |a Calculus of variations. 
650 0 |a Quantum physics. 
650 0 |a Mechanics. 
650 0 |a Quantum computers. 
650 0 |a Spintronics. 
650 1 4 |a Mathematics. 
650 2 4 |a Partial Differential Equations. 
650 2 4 |a Numerical Analysis. 
650 2 4 |a Calculus of Variations and Optimal Control; Optimization. 
650 2 4 |a Quantum Physics. 
650 2 4 |a Quantum Information Technology, Spintronics. 
650 2 4 |a Mechanics. 
700 1 |a Bris, Claude Le.  |e author. 
700 1 |a Maday, Yvon.  |e author. 
710 2 |a SpringerLink (Online service) 
773 0 |t Springer eBooks 
776 0 8 |i Printed edition:  |z 9783540309963 
830 0 |a Mathématiques & Applications,  |x 1154-483X ;  |v 53 
856 4 0 |u http://dx.doi.org/10.1007/3-540-37661-5  |z Full Text via HEAL-Link 
912 |a ZDB-2-SMA 
950 |a Mathematics and Statistics (Springer-11649)